Метафора как проблема перевода в научно-технических текстах; Коммуникативные аспекты языка и культуры; Ч. 1
| Parent link: | Коммуникативные аспекты языка и культуры: сборник материалов XI Международной научно-практической конференции студентов и молодых ученых, г. Томск, 18-20 мая 2011 г./ Национальный исследовательский Томский политехнический университет (ТПУ) ; под ред. С. А. Песоцкой.— , 2011 Ч. 1.— 2011.— [С. 169-171] |
|---|---|
| Autor principal: | |
| Altres autors: | |
| Sumari: | Заглавие с титульного листа. Электронная версия печатной публикации. |
| Idioma: | rus |
| Publicat: |
2011
|
| Col·lecció: | Теория и практика перевода. Общие и частные вопросы перевода |
| Matèries: | |
| Accés en línia: | http://www.lib.tpu.ru/fulltext/c/2011/C77/V1/041.pdf |
| Format: | Electrònic Capítol de llibre |
| KOHA link: | https://koha.lib.tpu.ru/cgi-bin/koha/opac-detail.pl?biblionumber=617281 |
MARC
| LEADER | 00000naa2a2200000 4500 | ||
|---|---|---|---|
| 001 | 617281 | ||
| 005 | 20231101132942.0 | ||
| 035 | |a (RuTPU)RU\TPU\conf\15594 | ||
| 035 | |a RU\TPU\conf\15592 | ||
| 090 | |a 617281 | ||
| 100 | |a 20160228d2011 k y0rusy50 ca | ||
| 101 | 0 | |a rus | |
| 102 | |a RU | ||
| 105 | |a y z 100zy | ||
| 135 | |a drgn ---uucaa | ||
| 181 | 0 | |a i | |
| 182 | 0 | |a b | |
| 200 | 1 | |a Метафора как проблема перевода в научно-технических текстах |f А. А. Сулиманова |g науч. рук. И. В. Гредина | |
| 203 | |a Текст |c электронный | ||
| 215 | |a 1 файл (108 Кб) | ||
| 225 | 1 | |a Теория и практика перевода. Общие и частные вопросы перевода | |
| 230 | |a Электронные текстовые данные (1 файл : 108 Кб) | ||
| 300 | |a Заглавие с титульного листа. | ||
| 300 | |a Электронная версия печатной публикации. | ||
| 320 | |a [Библиогр.: с. 170-171 (12 назв.)] | ||
| 337 | |a Adobe Reader | ||
| 461 | 1 | |0 (RuTPU)RU\TPU\conf\8793 |t Коммуникативные аспекты языка и культуры |o сборник материалов XI Международной научно-практической конференции студентов и молодых ученых, г. Томск, 18-20 мая 2011 г. |o в 3 ч. |f Национальный исследовательский Томский политехнический университет (ТПУ) ; под ред. С. А. Песоцкой |d 2011 | |
| 463 | 1 | |0 (RuTPU)RU\TPU\conf\8794 |t Ч. 1 |v [С. 169-171] |d 2011 | |
| 610 | 1 | |a электронный ресурс | |
| 610 | 1 | |a труды учёных ТПУ | |
| 610 | 1 | |a метафоры | |
| 610 | 1 | |a переводы | |
| 610 | 1 | |a научно-технические тексты | |
| 700 | 1 | |a Сулиманова |b А. А. | |
| 702 | 1 | |a Гредина |b И. В. |c лингвист |c доцент Томского политехнического университета, кандидат филологических наук |f 1949- |g Ирина Валерьевна |2 stltpush |4 727 | |
| 801 | 1 | |a RU |b 63413507 |c 20150310 | |
| 801 | 2 | |a RU |b 63413507 |c 20160302 |g RCR | |
| 856 | 4 | |u http://www.lib.tpu.ru/fulltext/c/2011/C77/V1/041.pdf | |
| 942 | |c BK | ||